| 000 | 00668nam a2200229Ia 4500 | ||
|---|---|---|---|
| 005 | 20260429112109.0 | ||
| 008 | 260429s9999||||xx |||||||||||||| ||und|| | ||
| 020 | _a9781032499437 | ||
| 041 | _aEnglish | ||
| 082 |
_a300.71 _bCRU |
||
| 100 | _aCruz, Barbara C. | ||
| 245 | 0 |
_aTeaching social studies to English language learners / _cBarbara C. Cruz |
|
| 250 | _a3rd ed. | ||
| 260 |
_aNew York : _bRoutledge, _c2025. |
||
| 300 | _axxiii, 264 p.; pbk | ||
| 440 | _aTeaching English language learners across the curriculum | ||
| 650 | _a English | ||
| 650 | _a Social studies | ||
| 650 | _aLanguage laerners | ||
| 700 | _a Thornton, Stephen J. | ||
| 942 | _cTB | ||
| 999 |
_c52337 _d52337 |
||